Co je Brand Management

Brand manažéri - "manažéri značky" chápu nákupné správanie zákazníkov novým spôsobom. Vystupovanie značky ako partnerov zákazníkov, ktorí im často pomôžu vyriešiť nejaký osobný problém. Využitie nových poznatkov v marketingových aktivitách. Kvalita vzťahu ku značke (brand-relationship quality). Char...

Descrizione completa

Salvato in:
Dettagli Bibliografici
Natura: Capitolo di libro
Lingua:ceco
Soggetti:
Tags: Aggiungi Tag
Nessun Tag, puoi essere il primo ad aggiungerne!!

MARC

LEADER 00000naa a2200000 4500
001 r030033
005 20230922084905.3
041 0 |a cze 
044 |a CZ 
245 1 0 |a Co je Brand Management 
520 |a Brand manažéri - "manažéri značky" chápu nákupné správanie zákazníkov novým spôsobom. Vystupovanie značky ako partnerov zákazníkov, ktorí im často pomôžu vyriešiť nejaký osobný problém. Využitie nových poznatkov v marketingových aktivitách. Kvalita vzťahu ku značke (brand-relationship quality). Charakteristika siedmich atribútov ku značke. 
610 2 0 |a brand manažment 
610 2 0 |a pojmy 
610 2 0 |a značky výrobné 
610 2 0 |a správanie spotrebiteľa 
610 2 0 |a manažéri 
610 2 0 |a stratégia marketingová